ՀՀ Գիտությունների ազգային ակադեմիայի հիմնարար գիտական գրադարան  =   Fundamental Scientific Library of NAS RA

Գրիգոր Խանջյան. Պատկերից անդին = (Record no. 457594)

MARC details
000 -LEADER
fixed length control field 01603nam a2200301 a 4500
001 - CONTROL NUMBER
control field 001197618
003 - CONTROL NUMBER IDENTIFIER
control field AM-YEHGA
005 - DATE AND TIME OF LATEST TRANSACTION
control field 20250618075353.0
008 - FIXED-LENGTH DATA ELEMENTS--GENERAL INFORMATION
fixed length control field 161215s2016 ai fo|||r|||||||||0|arm|d
020 ## - INTERNATIONAL STANDARD BOOK NUMBER
International Standard Book Number 9789939912196
040 ## - CATALOGING SOURCE
Original cataloging agency AM-YeHGA
041 1# - LANGUAGE CODE
Language code of text/sound track or separate title arm
Language code of original eng
090 ## - LOCALLY ASSIGNED LC-TYPE CALL NUMBER (OCLC); LOCAL CALL NUMBER (RLIN)
-- 460637
245 00 - TITLE STATEMENT
Title Գրիգոր Խանջյան. Պատկերից անդին =
Remainder of title Grigor Khanjyan. Beyond Image. /
Statement of responsibility, etc. Կազմող՝ Ա. Եսայանց ; Անգլերենի թարգմանիչ՝ Ա. Բախչինյան; Ձևավորող՝ Է. Պողոսյան ; Լուսանկարիչ՝ Ռ. Մարտիրոսյան ; Գաֆէսճեան արվեստի կենտրոն.
246 31 - VARYING FORM OF TITLE
Title proper/short title Grigor Khanjyan
Remainder of title Beyond Image
260 ## - PUBLICATION, DISTRIBUTION, ETC.
Place of publication, distribution, etc. Երևան :
Name of publisher, distributor, etc. Գաֆէսճեան արվեստի կենտրոն,
Date of publication, distribution, etc. 2016.
300 ## - PHYSICAL DESCRIPTION
Extent 95 էջ :
Other physical details գունանկ., լուսանկ. ;
Dimensions 23x22 սմ.
Accompanying material [Երկլեզու կատալոգ]
546 ## - LANGUAGE NOTE
Language note Բնագիրը՝ հայերեն և անգլերեն
600 14 - SUBJECT ADDED ENTRY--PERSONAL NAME
Personal name Խանջյան, Գրիգոր Սեպուհի,
Dates associated with a name 1926-2000
9 (RLIN) 1078
650 14 - SUBJECT ADDED ENTRY--TOPICAL TERM
Topical term or geographic name entry element Հայ գեղանկարիչներ
General subdivision Կյանքը և գործունեությունը
653 0# - INDEX TERM--UNCONTROLLED
Uncontrolled term Հայ անվանի գեղանկարիչներ
700 1# - ADDED ENTRY--PERSONAL NAME
Personal name Եսայանց, Արմեն
Relator term կազմող
Relationship com
700 1# - ADDED ENTRY--PERSONAL NAME
Personal name Բախչինյան, Արծվի Հենրիկի,
Miscellaneous information (Արծուի)
Dates associated with a name 1971-
Relator term թարգմանիչ
Relationship trl
700 1# - ADDED ENTRY--PERSONAL NAME
Personal name Պողոսյան, Էդիկ
Relator term ձևավորող
Relationship dsr
700 1# - ADDED ENTRY--PERSONAL NAME
Personal name Մարտիրոսյան, Ռուբեն
Relator term լուսանկարիչ
Relationship pht
710 1# - ADDED ENTRY--CORPORATE NAME
Corporate name or jurisdiction name as entry element Գաֆէսճեան արվեստի կենտրոն
942 ## - ADDED ENTRY ELEMENTS (KOHA)
Source of classification or shelving scheme Universal Decimal Classification
Koha item type Գրքեր / Books
Holdings
Withdrawn status Lost status Damaged status Not for loan Collection Home library Current library Date acquired Total checkouts Full call number Barcode Date last seen Price effective from Koha item type Public note
        General Fundamental Scientific Library Fundamental Scientific Library 25/02/2021   AII/106797 FL0641399 25/02/2021 25/02/2021 Գրքեր / Books 30 Days Loan


ՀՀ ԳԱԱ հիմնարար գիտական գրադարան
ՀՀ,Երևան 0019
Մարշալ Բաղրամյան 24/6
հեռախոս:(374-10) 52-47-50
Հետադարձ կապ

All site content, except where otherwise noted, is licensed under a
Creative Commons License